Norton anthology of western music
Tallennettuna:
| Päätekijä: | |
|---|---|
| Aineistotyyppi: | Kirja |
| Kieli: | englanti |
| Julkaistu: |
Nueva York
W,W,Norton
1988
|
| Painos: | 2a. ed |
| Aiheet: | |
| Tagit: |
Lisää tagi
Ei tageja, Lisää ensimmäinen tagi!
|
MARC
| LEADER | 00000nam a2200000 a 4500 | ||
|---|---|---|---|
| 001 | UCN3032 | ||
| 003 | CL-VaPUC | ||
| 008 | 010615e19880000US |||||||||||||||||eng|d | ||
| 082 | 0 | 4 | |a 780.9 |b PAL |2 21 |
| 100 | |a Palisca, Claude V. |e author |9 611974 | ||
| 245 | 1 | 0 | |a Norton anthology of western music |
| 250 | |a 2a. ed | ||
| 300 | |a 2 v | ||
| 942 | |c BK | ||
| 945 | |d 20010615 00:00:00 |a crobeson | ||
| 260 | |a Nueva York |b W,W,Norton |c 1988 | ||
| 500 | |a v.1: Mediaval - renaissance - baroque | ||
| 500 | |a v.2: Classic - romantic - modern | ||
| 650 | 0 | |a Música occidental |9 326969 | |
| 650 | 7 | |a MUSICA HISTORIA |2 CL-VaPUC |9 306301 | |
| 650 | 0 | |a Música medieval |9 391244 | |
| 650 | 0 | |a Música renacentista |9 391249 | |
| 650 | 0 | |a Música barroca |9 306256 | |
| 650 | 7 | |a CLASICISMO EN LA MUSICA |2 CL-VaPUC |9 459432 | |
| 650 | 0 | |a Romanticismo en la música |9 306753 | |
| 650 | 0 | |a Música contemporánea |9 306742 | |
| 583 | |a last modification |c 20010615 00:00:00 |k Rodrigo Vera | ||
| 999 | |c 296047 |d 296045 | ||
| 952 | |0 0 |1 0 |4 0 |6 780_900000000000000_PAL_1988 |7 0 |8 F |9 349533 |a BIBEDU |b BIBEDU |d 2019-11-20 |h v.1 |i 1187570 |o 780.9 PAL 1988 |p 1187570 |r 2023-01-12 |w 2019-11-20 |y BK_F |k MUS | ||
| 952 | |0 0 |1 0 |4 0 |6 780_900000000000000_PAL_1988 |7 0 |8 F |9 349534 |a BIBEDU |b BIBEDU |d 2019-11-20 |h v.2 |i 1187589 |o 780.9 PAL 1988 |p 1187589 |r 2023-01-12 |w 2019-11-20 |y BK_F |k MUS | ||